La Edad Media (Registro nro. 6584)
[ vista simple ]
| 000 - LÍDER | |
|---|---|
| campo de control de longitud fija | 01454nam a2200361 i 4500 |
| 005 - FECHA Y HORA DE LA ÚLTIMA TRANSACCIÓN | |
| campo de control | 20210727153343.0 |
| 007 - DESCRIPCIÓN FÍSICA CAMPO FIJO - INFORMACIÓN GENERAL | |
| campo de control de longitud fija | ta |
| 008 - ELEMENTOS DE DATOS DE LONGITUD FIJA - INFORMACIÓN GENERAL | |
| campo de control de longitud fija | 200428s2006 mx gr 000 0 spa d |
| 020 ## - INTERNATIONAL STANDARD BOOK NUMBER | |
| International Standard Book Number | 9681607260 |
| 040 ## - FUENTE DE CATALOGACIÓN | |
| Agencia de catalogación original | CO-BoRNBP |
| Lenguaje de catalogación | spa |
| Agencia de transcripción | CO-BoRNBP |
| Descripción convenciones | rda |
| 041 0# - CÓDIGO DE LENGUAJE | |
| Código de idioma de texto / pista de sonido o título separado | spa |
| 082 04 - NÚMERO DE CLASIFICACIÓN DECIMAL DEWEY | |
| Número de clasificación | 909.07 |
| Número de artículo | R65e |
| 100 1# - ENTRADA PRINCIPAL - NOMBRE PERSONAL | |
| Nombre de la persona | Romero, José Luis |
| Fechas asociadas a un nombre | 1909-1977 |
| Término del Relator | autor |
| 245 13 - TÍTULO DECLARACIÓN | |
| Título | La Edad Media |
| Declaración de responsabilidad | por José Luis Romero |
| 250 ## - DECLARACIÓN DE EDICIÓN | |
| Sentencia de edición | Primera edición |
| 264 #1 - AVISO DE PRODUCCIÓN, PUBLICACIÓN, DISTRIBUCIÓN, FABRICACIÓN Y DERECHOS DE AUTOR | |
| Lugar de producción | México |
| Nombre del productor | Fondo de Cultura Económica |
| Fecha de producción | 2006 |
| 300 ## - DESCRIPCIÓN FÍSICA | |
| Alcance | 214 páginas |
| Dimensiones | 21 cm |
| 336 ## - TIPO DE CONTENIDO | |
| Tipo de contenido | texto |
| Código de tipo de contenido | txt |
| Fuente | rdacontent |
| 337 ## - TIPO DE MEDIO | |
| Término del tipo de medio | sin mediación |
| Código de tipo de medio | n |
| Fuente | rdamedia |
| 338 ## - TIPO DE PORTADOR | |
| Término del tipo de operador | volumen |
| Código de tipo de operador | nc |
| Fuente | rdacarrier |
| 490 0# - DECLARACIÓN EN SERIE | |
| Estado de cuenta de la serie | Tezontle |
| 490 0# - DECLARACIÓN EN SERIE | |
| Estado de cuenta de la serie | Breviarios del Fondo de Cultura Económica |
| Designación de volumen y secuencia | 12 |
| 504 ## - BIBLIOGRAFÍA | |
| Bibliografía | Incluye referencias bibliográficas |
| 505 1# - NOTA DE CONTENIDO FORMATEADA | |
| Nota sobre el contenido formateado | Historia de la Edad Media -- Panorama de la cultura medieval |
| 520 3# - RESUMEN | |
| Resumen | José Luis Romero, el conocido historiador argentino, autor de un notable ensayo sobre la historiografía de Maquiavelo, entre otros estudios, nos ofrece en este libro la oportunidad de hacer un viaje por ese mundo complejo y fascinante que fue la Edad Media |
| 650 17 - ENTRADA DE SUJETO AÑADIDO - TÉRMINO TÓPICO | |
| Término tópico o elemento de entrada del nombre geográfico | Historia medieval |
| Fuente del título o término | LEMB |
| 650 17 - ENTRADA DE SUJETO AÑADIDO - TÉRMINO TÓPICO | |
| Término tópico o elemento de entrada del nombre geográfico | Imperio bizantino |
| Fuente del título o término | LEMB |
| 650 17 - ENTRADA DE SUJETO AÑADIDO - TÉRMINO TÓPICO | |
| Término tópico o elemento de entrada del nombre geográfico | Edad Media |
| Subdivisión general | Condiciones sociales |
| Subdivisión geográfica | Europa |
| Fuente del título o término | LEMB |
| 650 17 - ENTRADA DE SUJETO AÑADIDO - TÉRMINO TÓPICO | |
| Término tópico o elemento de entrada del nombre geográfico | Edad Media |
| Subdivisión general | Política y gobierno |
| Subdivisión geográfica | Europa |
| Fuente del título o término | LEMB |
| 650 17 - ENTRADA DE SUJETO AÑADIDO - TÉRMINO TÓPICO | |
| Término tópico o elemento de entrada del nombre geográfico | Reyes y soberanos |
| Subdivisión geográfica | Europa |
| Fuente del título o término | LEMB |
| 651 #4 - ENTRADA DE SUJETO AÑADIDO - NOMBRE GEOGRÁFICO | |
| Nombre geográfico | Europa |
| Subdivisión general | Historia |
| Subdivisión cronológica | Siglos V-XV |
| 9 (RLIN) | 57533 |
| 942 ## - ELEMENTOS DE ENTRADA AGREGADOS (KOHA) | |
| Fuente de clasificación o esquema de estanterías | Dewey Decimal Classification |
| Tipo de artículo Koha | Libro |
| Estado de retirada | Pérdida de estatus | Fuente de clasificación o esquema de estanterías | Estado dañado | No para préstamo | Código de recogida | Ubicación permanente | Ubicación actual | Ubicación de las estanterías | Fecha de adquisición | Fuente de adquisición | Total de Cajas | Número Topográfico | Código de barras | Precio efectivo desde | Número de copia | Fecha de la última vez que se vio | Tipo de artículo Koha |
|---|---|---|---|---|---|---|---|---|---|---|---|---|---|---|---|---|---|
| Dewey Decimal Classification | General | Biblioteca Pública Municipal Isaías Naranjo Ríos | Biblioteca Pública Municipal Isaías Naranjo Ríos | Área General | 09/10/2012 | Dotación ministerio de cultura | 909.07 R65e | API01 - 2075 | 20/08/2024 | Ej. 1 | 20/08/2024 | Libro | |||||
| Dewey Decimal Classification | General | Biblioteca Pública Municipal Pública Municipal de Santuario | Biblioteca Pública Municipal Pública Municipal de Santuario | Área General | 24/10/2022 | Dotación MiniCultura y BNC | 909.07 R65e | SANT18 - 0810 | 24/10/2022 | Ej. 1 | 24/10/2022 | Libro |